000 00350nam a22001577a 4500
003 MACL
005 20170107164120.0
008 170107b xxu||||| |||| 00| 0 eng d
040 _cMACL
082 _a330
100 _aNCERT
_94590
245 _aEconomics Class lX
260 _aDelhi
_bNCERT
_c2006
650 _aEconomics
_966439
942 _2ddc
_cBK
999 _c55763
_d55763